• 首页
  • 本馆介绍
  • 公告通知
  • 最新文献
  • 馆藏检索
  • 电子资源
  • 读者导购
  • 参考咨询
  • 我的图书馆
  • 登录
  • 详细信息显示
  • 放入我的书架
  • 预约/预借图书
  • 作者相关作品
  • 分类相关作品
  • 丛书相关作品
  • 出版社相关作品

书目信息

  • 表格格式
  • 工作单格式
  • 卡片格式
书名: Removal aftershock
作者: Jane F. Lancaster.
分册号:
分册名:
出版地: Knoxville :
 
出版社: University of Tennessee Press
出版时间: c1994.
页数: xx, 225 p. :
开本: 23 cm.
丛书名:
中图分类号:
科图分类号:
其他分类号: K712
主题词:
电子资源:
000 01307cam a2200337 a 450
001 E0738964976
005 20070513105339.48
008 940111s1994 tnuab b s001 0 eng
010    @a94000129
020    @a0870498460 (pbk. : alk. paper).
020    @a0870498452 (alk. paper).
035    @A(DLC) 94000129
040    @aDLC@cDLC@dDLC
043    @an-us-ok
050 00 @aE99.S28@bL35 1994
082 00 @a973/.04973@2 20
090    @aK712
099    @dK712@ex35
100 1  @aLancaster, Jane F.,@d1940-
245 10 @aRemoval aftershock :@bthe Seminoles’ struggles to survive in the West, 1836-1866 / @cJane F. Lancaster.
250    @a1st ed.
260    @aKnoxville :@bUniversity of Tennessee Press,@cc1994.
300    @axx, 225 p. :@bill., maps ;@c23 cm.
504    @aIncludes bibliographical references (p. [201]-213) and index.
650  0 @aSeminole Indians@xRelocation.
650  0 @aSeminole Indians@xHistory@y19th century.
650  0 @aSeminole Indians@xGovernment relations.
906    @a7@bcbc@corignew@d1@eocip@f19@gy-gencatlg
955    @apc01 to SA00 01-11-94; sf00 01-11-94; sf07 01-12-94; sf12 01-13-94; sf04 01-14-94; CIP ver. pv06 11-16-94
991    @bc-GenColl@hE99.S28@iL35 1994@p00019195831@tCopy 2@wCCF
991    @bc-GenColl@hE99.S28@iL35 1994@tCopy 1@wBOOKS
    
    Removal aftershock : : the Seminoles’ struggles to survive in the West, 1836-1866 / / Jane F. Lancaster.-1st ed.-Knoxville : : University of Tennessee Press, , c1994.
    xx, 225 p. : : ill., maps ; ; 23 cm.
    Includes bibliographical references (p. [201]-213) and index.
    
    ISBN 0870498460 (pbk. : alk. paper).
    
●
相关链接 在E读中查询图书 在五车中查询图书 在当当中查询图书 在豆瓣中查询图书


正题名:Removal aftershock     索取号:K712/x35         预约/预借

序号 登录号 条形码 馆藏地/架位号 状态 备注
1 0008368   300083683   第二样本阅览室/ [索取号:K712/x35] 在馆    
2 0008369   300083692   第四借阅区/ [索取号:K712/x35] 在馆    
3 0008370   300083709   密集书库/ [索取号:K712/x35] 在馆    
4 0008371   300083718   密集书库/ [索取号:K712/x35] 在馆    
5 0008372   300083727   第四借阅区/ [索取号:K712/x35] 在馆    
6 0008373   300083736   密集书库/ [索取号:K712/x35] 在馆    
7 0008374   300083745   密集书库/ [索取号:K712/x35] 在馆    
唐山师范学院图书馆 欢迎您!
大连网信软件有限公司© 版权所有